[Event "XtraCon-Skakligaen"]
[Site "Denmark"]
[Date "2015.03.08"]
[Round "9.5"]
[White "Veng, Johny"]
[Black "Nordenbaek, Jan"]
[Result "1-0"]
[WhiteElo "2281"]
[BlackElo "2209"]
[PlyCount "67"]
[EventDate "2014.10.25"]
[EventType "team-tourn"]
[EventRounds "9"]
[EventCountry "DEN"]
[WhiteTeam "Nordre"]
[BlackTeam "Hillerod"]
[WhiteTeamCountry "DEN"]
[BlackTeamCountry "DEN"]
[WhiteClock "0:01:54"]
[BlackClock "0:11:29"]

1. d4 d5 2. Nf3 Nf6 3. c4 c6 4. Nc3 e6 5. Qb3 Nbd7 6. g3 Bd6 7. Bg2 O-O 8. O-O
dxc4 9. Qxc4 e5 10. Rd1 Qe7 11. Bg5 h6 12. Bxf6 Nxf6 13. dxe5 Bxe5 14. Nxe5
Qxe5 15. Rd2 Be6 16. Qb4 Qc7 17. Rad1 Rfe8 18. b3 Rab8 19. Qc5 a6 20. e4 Rbd8
21. Nd5 Bxd5 22. exd5 Nd7 23. Qc3 c5 24. d6 Qb6 25. Rd5 Re2 26. Qc4 Qb5 27.
Qxb5 axb5 28. Bf1 Rxa2 29. Bxb5 b6 30. Re1 Ra7 31. Rd3 Ra5 32. Bc6 f6 33. f4
Kf8 34. Rde3 1-0

[Event "XtraCon-Skakligaen"]
[Site "Denmark"]
[Date "2015.03.08"]
[Round "9.6"]
[White "Montgomery, Jan Elkjaer Frantse"]
[Black "Hoiberg, Nina"]
[Result "1/2-1/2"]
[WhiteElo "2149"]
[BlackElo "2209"]
[PlyCount "55"]
[EventDate "2014.10.25"]
[EventType "team-tourn"]
[EventRounds "9"]
[EventCountry "DEN"]
[WhiteTeam "Hillerod"]
[BlackTeam "Nordre"]
[WhiteTeamCountry "DEN"]
[BlackTeamCountry "DEN"]

1. d4 d6 2. Nf3 Nd7 3. c4 e5 4. Nc3 c6 5. g3 Ngf6 6. Bg2 Be7 7. O-O O-O 8. e4
Qc7 9. h3 Re8 10. d5 Nf8 11. Bg5 h6 12. Be3 Ng6 13. b4 cxd5 14. Nxd5 Nxd5 15.
cxd5 f5 16. Rc1 Qd8 17. exf5 Bxf5 18. Nd2 Qd7 19. Qh5 Nf8 20. Ne4 Bg6 21. Qe2
Nh7 22. Kh2 a6 23. Rc3 Rac8 24. Rfc1 Rxc3 25. Rxc3 Rc8 26. Qc2 Rxc3 27. Qxc3
Nf6 28. Nxf6+ 1/2-1/2

[Event "XtraCon-Skakligaen"]
[Site "Denmark"]
[Date "2015.03.08"]
[Round "9.7"]
[White "Christensen, Jan Schleicher"]
[Black "Andersen, Ib Hother"]
[Result "1/2-1/2"]
[WhiteElo "2208"]
[BlackElo "2128"]
[PlyCount "60"]
[EventDate "2014.10.25"]
[EventType "team-tourn"]
[EventRounds "9"]
[EventCountry "DEN"]
[WhiteTeam "Nordre"]
[BlackTeam "Hillerod"]
[WhiteTeamCountry "DEN"]
[BlackTeamCountry "DEN"]
[WhiteClock "0:14:12"]
[BlackClock "0:19:29"]

1. d4 Nf6 2. Nf3 e6 3. e3 c5 4. Bd3 b6 5. O-O Bb7 6. c4 Be7 7. Nc3 cxd4 8. exd4
d5 9. cxd5 Nxd5 10. Ne5 O-O 11. Qg4 f5 12. Qe2 Bf6 13. Bd2 Nd7 14. Nf3 Re8 15.
Rfe1 Nb4 16. Bxf5 Bxf3 17. Bxe6+ Kh8 18. Qxf3 Nc2 19. Bxd7 Nxe1 20. Rxe1 Qxd7
21. Be3 Rad8 22. Rd1 b5 23. d5 b4 24. Ne4 Bxb2 25. Nc5 Qb5 26. Ne6 Rd7 27. Nf8
Rdd8 28. Ne6 Rd7 29. Nf8 Rdd8 30. Ne6 Rd7 1/2-1/2

[Event "XtraCon-Skakligaen"]
[Site "Denmark"]
[Date "2015.03.08"]
[Round "9.8"]
[White "Svendsen, Peter"]
[Black "Klitgaard, Thomas"]
[Result "1/2-1/2"]
[WhiteElo "1960"]
[BlackElo "2197"]
[PlyCount "48"]
[EventDate "2014.10.25"]
[EventType "team-tourn"]
[EventRounds "9"]
[EventCountry "DEN"]
[WhiteTeam "Hillerod"]
[BlackTeam "Nordre"]
[WhiteTeamCountry "DEN"]
[BlackTeamCountry "DEN"]

1. d4 e6 2. c4 Nf6 3. Nf3 c5 4. d5 b5 5. dxe6 fxe6 6. cxb5 d5 7. Bg5 Qb6 8. e3
Nbd7 9. Nc3 c4 10. Be2 a6 11. a4 Bb4 12. Bxf6 Nxf6 13. Nd4 O-O 14. O-O Bd7 15.
Qc2 Kh8 16. Rfd1 Bxc3 17. bxc3 axb5 18. axb5 Ne4 19. Bf3 Nc5 20. Rxa8 Rxa8 21.
e4 Rf8 22. exd5 e5 23. Ne6 Bxe6 24. dxe6 Qxe6 1/2-1/2